Score 0/8 Timer 01:00
4 Plays Today
Hint Word % Correct
Tortoise's race opponentHARE
98.7%
Ready... aim...FIRE
98.6%
Taxi cab's chargeFARE
97.6%
_____ the Herald Angels SingHARK
96.3%
What to call a kingSIRE
95.2%
Web pageSITE
91.6%
Its [first rung] is worse than its [last rung]BARK
87.4%
Its [first rung] is worse than its [last rung]BITE
87.2%

Today's Daily Dose

Remove Ads.
Support Sporcle.
Get the best of Sporcle when you Go Orange. This ad-free experience offers more features, more stats, and more fun while also helping to support Sporcle. Thank you for becoming a member.

You're not logged in!

Compare scores with friends on all Sporcle quizzes.
OR
Log In

Show Comments

Extras

Top Quizzes Today


Score Distribution

Your Account Isn't Verified!

In order to create a playlist on Sporcle, you need to verify the email address you used during registration. Go to your Sporcle Settings to finish the process.

Report this User

Report this user for behavior that violates our Community Guidelines.

Details: